A model of the National Guard personnel system : an exploratory analysis /

Bibliographic Details
Main Author: McNaught, William
Corporate Authors: Rand Corporation, United States. Office of the Assistant Secretary of Defense (Manpower, Reserve Affairs, and Logistics)
Format: Book
Language:English
Published: Santa Monica, Calif. : Rand, [1981]
Series:Rand note ; N-1612-MRAL.
Subjects:

MARC

Tag First Indicator Second Indicator Subfields
LEADER 00000cam a2200000 a 4500
001 in00001079080
005 20150929161957.0
008 820123s1981 caua b 000 0 eng d
035 |a (OCoLC)08089068 
035 |9 AFQ9288AM 
040 |a SPI  |c SPI  |d m/c  |d TXA  |d UtOrBLW 
043 |a n-us--- 
049 |a TXAM 
090 |a UA42  |b .M322 1981 
092 |a 355.351  |b MCNA 
100 1 |a McNaught, William. 
245 1 2 |a A model of the National Guard personnel system :  |b an exploratory analysis /  |c William McNaught ; prepared for Office of the Assistant Secretary of Defense/Manpower, Reserve Affairs and Logistics. 
264 1 |a Santa Monica, Calif. :  |b Rand,  |c [1981] 
300 |a ix, 24 pages :  |b illustrations ;  |c 28 cm. 
336 |a text  |b txt  |2 rdacontent 
337 |a unmediated  |b n  |2 rdamedia 
338 |a volume  |b nc  |2 rdacarrier 
490 1 |a A Rand note ;  |v N-1612-MRAL 
500 |a "June 1981." 
504 |a Includes bibliographical references. 
651 0 |a United States  |x National Guard. 
651 0 |a United States  |x Armed Forces  |x Reserves. 
710 2 |a Rand Corporation. 
710 1 |a United States.  |b Office of the Assistant Secretary of Defense (Manpower, Reserve Affairs, and Logistics) 
830 0 |a Rand note ;  |v N-1612-MRAL. 
999 |a MARS 
999 f f |s 2dd2c385-9155-340c-bee1-4342fb80e283  |i 7b4168f9-00ac-326c-9f15-f04e7f9e4002  |t 0 
952 f f |p ric  |a Texas A&M University  |b Rellis Campus  |c Joint Library Facility  |d Remote Storage  |t 0  |e UA42 .M322 1981  |h Library of Congress classification  |i unmediated -- volume  |m A14818558323 
998 f f |a UA42 .M322 1981  |t 0  |l Remote Storage